00300 a2200109 4500001000700000040003500007100002600042240005500068245005000123300000800173362000900181154935 cEscola São Tomás de Aquino aMENDONÇA, Cláudio10aTerritório e Sociedade no mundo globalizadolpor10aTerritório e Sociedade no mundo globalizado a6240 a2010